MyGZULibrary

Listen to the people : (Record no. 1792)

MARC details
000 -LEADER
fixed length control field 01164pam a2200289 a 4500
001 - CONTROL NUMBER
control field 4770584
003 - CONTROL NUMBER IDENTIFIER
control field GZU
005 - DATE AND TIME OF LATEST TRANSACTION
control field 20201021162729.0
008 - FIXED-LENGTH DATA ELEMENTS--GENERAL INFORMATION
fixed length control field 860919s1987 nyua b 001 0 eng
010 ## - LIBRARY OF CONGRESS CONTROL NUMBER
LC control number 86023672
020 ## - INTERNATIONAL STANDARD BOOK NUMBER
International Standard Book Number 0195205456 :
Terms of availability $17.95
040 ## - CATALOGING SOURCE
Original cataloging agency DLC
Transcribing agency DLC
Modifying agency DLC
043 ## - GEOGRAPHIC AREA CODE
Geographic area code s-ec---
-- s-bo---
-- d------
050 00 - LIBRARY OF CONGRESS CALL NUMBER
Classification number HC185.E44
Item number SAL 1987
100 1# - MAIN ENTRY--PERSONAL NAME
Personal name Salmen, Lawrence F.,
Dates associated with a name 1942-
Relator term author
245 10 - TITLE STATEMENT
Title Listen to the people :
Remainder of title participant-observer evaluation of development projects /
Statement of responsibility, etc. Lawrence F. Salmen.
260 ## - PUBLICATION, DISTRIBUTION, ETC.
Place of publication, distribution, etc. New York :
Name of publisher, distributor, etc. Published for the World Bank by Oxford University Press,
Date of publication, distribution, etc. c1987.
300 ## - PHYSICAL DESCRIPTION
Extent x, 149 p. :
Other physical details ill. ;
Dimensions 23 cm.
500 ## - GENERAL NOTE
General note Includes index.
504 ## - BIBLIOGRAPHY, ETC. NOTE
Bibliography, etc. note Bibliography: p. 140-144.
650 #0 - SUBJECT ADDED ENTRY--TOPICAL TERM
Topical term or geographic name entry element Economic development projects
Geographic subdivision Bolivia
-- La Paz
General subdivision Evaluation.
650 #0 - SUBJECT ADDED ENTRY--TOPICAL TERM
Topical term or geographic name entry element Economic development projects
Geographic subdivision Ecuador
-- Guayaquil
General subdivision Evaluation.
650 #0 - SUBJECT ADDED ENTRY--TOPICAL TERM
Topical term or geographic name entry element Economic development projects
Geographic subdivision Developing countries
General subdivision Evaluation.
856 42 - ELECTRONIC LOCATION AND ACCESS
Materials specified Publisher description
Uniform Resource Identifier <a href="http://www.loc.gov/catdir/enhancements/fy0638/86023672-d.html">http://www.loc.gov/catdir/enhancements/fy0638/86023672-d.html</a>
906 ## - LOCAL DATA ELEMENT F, LDF (RLIN)
a 7
b cbc
c orignew
d 1
e ocip
f 19
g y-gencatlg
942 ## - ADDED ENTRY ELEMENTS (KOHA)
Source of classification or shelving scheme Library of Congress Classification
Koha item type Books
Classification part 185.E44
Item part SAL
Call number prefix HC
Holdings
Withdrawn status Lost status Source of classification or shelving scheme Damaged status Not for loan Collection code Home library Current library Shelving location Date acquired Source of acquisition Total Checkouts Full call number Barcode Date last seen Copy number Price effective from Koha item type
    Library of Congress Classification     Non-fiction City Campus Library City Campus Library General Stacks 04/28/2015 Donated by N. Whande   HC185.E44 SAL 1987 003841 10/21/2020 c. 1 10/21/2020 Books